000 00433nam a2200157 i 4500
001 29256
003 ES-MaACL
005 20230906154011.0
007 t|
008 030121s1916 sp ||||1| spa d
100 1 _aBallester, Antonio.
_924998
245 1 0 _aEnfermedades del almendro en Baleares /
_cAntonio Ballester.
260 _aPalma de Mallorca :
_b[s.n.,
_c1916] (
_fJ. Tous)
300 _a55 p.
852 _aES-MaACL
_j1658-F-4
999 _c29256
_d29256